000
00297nam a2200109Ia 4500
008
230907s9999||||xx |||||||||||||| ||und||
082
_a
621.3815322,MUL
245
0
_a
Multilevel converters for industrial applications/
260
_a
CRC Press
_b
New York
_c
2014
300
_a
xii,229p.:
942
_c
BK
999
_c
597964
_d
597964